|
|
|
|
| LEADER |
00000cam a2200000 7i4500 |
| 001 |
0000004523 |
| 005 |
20151222.0 |
| 008 |
070730 |
| 020 |
|
|
|a 8128616051
|
| 090 |
0 |
0 |
|a JF
|b ENC ENG
|
| 100 |
1 |
|
|a Taylor, Barbara
|
| 245 |
1 |
0 |
|a Planet earth
|c Barbara Taylor
|
| 260 |
|
|
|a India :
|b Euro Books ,
|c 2005
|
| 440 |
|
0 |
|a Disney children's encyclopedia
|
| 500 |
|
|
|a Children ages 7-9 years old (orange)
|
| 650 |
|
0 |
|a Encylopedia
|x English
|x Languages
|
| 710 |
0 |
|
|a Title
|
| 999 |
|
|
|a 0001069634
|b Book
|c Children Collection
|e Cawangan Pontian
|
| 999 |
|
|
|a 0001142923
|b Book
|c REFERENCE
|e Perbadanan Perpustakaan Awam Johor
|
| 999 |
|
|
|a 0001142924
|b Book
|c REFERENCE
|e Perbadanan Perpustakaan Awam Johor
|
| 999 |
|
|
|a 0001142925
|b Book
|c REFERENCE
|e Cawangan Taman Universiti
|
| 999 |
|
|
|a 0001227461
|b Book
|c Children Collection
|e Cawangan AEON Kulaijaya
|